Normal view
MARC view
- IMAD ALI,AIZAZ,HASSAN,AMIR
Entry Personal Name
001 - CONTROL NUMBER
- control field: 71543
003 - CONTROL NUMBER IDENTIFIER
- control field: NUST
005 - DATE AND TIME OF LATEST TRANSACTION
- control field: 20210628204640.0
008 - FIXED-LENGTH DATA ELEMENTS
- fixed length control field: 210628|| aca||aabn | a|a d
040 ## - CATALOGING SOURCE
- Original cataloging agency: NUST
- Transcribing agency: NUST
100 ## - HEADING--PERSONAL NAME
- Personal name: IMAD ALI,AIZAZ,HASSAN,AMIR
670 ## - SOURCE DATA FOUND
- Source citation: Work cat.: (NUST): IMAD ALI,AIZAZ,HASSAN,AMIR, PR-SOF-1324-THE WIDOC MONITORING, 2013
